000 00431nam a22001817a 4500
005 20231103194113.0
008 231103b |||||||| |||| 00| 0 eng d
020 _a9788177583809
082 _a621.3822
_bGHO-S
100 _aGhosh,Smarajit
245 _aSignal and System
260 _apakistan
_bPearson
_c2008
300 _a474
500 _aInclude Index
650 _aEnginering
700 _aSmarajit Ghosh
999 _c34697
_d34697